000 00467nam a2200193Ia 4500
003 OSt
005 20250602095746.0
008 210210b2004 xxu||||| |||| 00| 0 eng d
040 _cAL
041 _aeng
082 _a657.046 RAMA
100 _aRAMAN (B S)
_9212124
245 _aAccounting III for III Semester BBM
260 _aMangalore
_bUnited Publishers
_c2004
300 _a638p.
690 _aAccountancy
_9212125
906 _a060916
942 _2ddc
_cBK
999 _c107877
_d107877